Normal view
MARC view
- العقود التجارية -- مصر -- القانون التجاري -- مصر -- العقود (قانون مدني) -- مصر
Entry Topical Term
001 - CONTROL NUMBER
- control field: 7663
003 - CONTROL NUMBER IDENTIFIER
- control field: JO-AjAnu
005 - DATE AND TIME OF LATEST TRANSACTION
- control field: 20230606071534.0
008 - FIXED-LENGTH DATA ELEMENTS
- fixed length control field: 230606|| aca||aabn | a|a d
040 ## - CATALOGING SOURCE
- Original cataloging agency: JO-AjAnu
- Transcribing agency: JO-AjAnu
150 ## - HEADING--TOPICAL TERM
- Topical term or geographic name entry element: العقود التجارية -- مصر -- القانون التجاري -- مصر -- العقود (قانون مدني) -- مصر
670 ## - SOURCE DATA FOUND
- Source citation: Work cat.: (JO-AjAnu)3962: رضوان ، فايز نعيم , author 7662, عقد شراء الحقوق التجارية